| 000 | 00653cam a2200181 4500 | ||
|---|---|---|---|
| 001 | WB3714-24 | ||
| 008 | 000000n2001 000 0 eng u | ||
| 035 | _a(Sirsi) u111877 | ||
| 245 | _aScotland house prices | ||
| 260 | _c2001 | ||
| 490 |
_aScotsman _v 4 April 2001, 1(1) |
||
| 520 | _aHouse price inflation is slowing down in Scotland along with London; however steady house prices in Scotland should be seen as a benefit as Scotland does not suffer so much in times of recession. | ||
| 590 | _aWB | ||
| 650 | _aHOUSE PRICE INFLATION | ||
| 650 | _aSCOTLAND | ||
| 690 | _aPROPERTY-RESIDENTIAL PROPERTY-RESIDENTIAL PROPERTY MARKET | ||
| 942 | _n0 | ||
| 999 |
_c66675 _d66675 |
||